Modern Ukrainian and Polish business cultures: G. Hofstede’s classification

Klasifikácia kultúrnych faktorov podľa G. Hofstedeho ako jeden zo základných prístupov k rozvoju väčšiny moderných typológií národných podnikateľských kultúr. Porovnanie kultúrnych charakteristík moderných ukrajinských a poľských podnikateľských kultúr, pokiaľ ide o klasifikáciu kultúrnych faktorov...

Ausführliche Beschreibung

Gespeichert in:
Bibliographische Detailangaben
1. Verfasser: Wackowski, Kazimierz
Weitere Verfasser: Blyznyuk, Tetyana
Format: Buchkapitel
Sprache:Englisch
Schlagworte:
Tags: Tag hinzufügen
Keine Tags, Fügen Sie das erste Tag hinzu!

MARC

LEADER 00000nla a2200000 4500
001 0236670
005 20240417075127.3
041 0 |a eng 
044 |a UA 
245 1 0 |a Modern Ukrainian and Polish business cultures: G. Hofstede’s classification  |c Kazimierz Wackowski, Tetyana Blyznyuk 
520 |a Klasifikácia kultúrnych faktorov podľa G. Hofstedeho ako jeden zo základných prístupov k rozvoju väčšiny moderných typológií národných podnikateľských kultúr. Porovnanie kultúrnych charakteristík moderných ukrajinských a poľských podnikateľských kultúr, pokiaľ ide o klasifikáciu kultúrnych faktorov G. Hofstedeho. 
610 2 0 |a kultúra podnikania 
610 2 0 |a zvyklosti kultúrne 
610 2 0 |a Poľsko 
610 2 0 |a Ukrajina 
610 2 0 |a etika podnikateľská 
100 1 |a Wackowski, Kazimierz 
700 1 |a Blyznyuk, Tetyana